Learn JavaScript / (Record no. 180430)

000 -LEADER
fixed length control field 00502 a2200193 4500
003 - CONTROL NUMBER IDENTIFIER
control field Nust
005 - DATE AND TIME OF LATEST TRANSACTION
control field 20170207153148.0
010 ## - LIBRARY OF CONGRESS CONTROL NUMBER
LC control number 2001046844
020 ## - INTERNATIONAL STANDARD BOOK NUMBER
International Standard Book Number 1556228562 (pbk.)
040 ## - CATALOGING SOURCE
Transcribing agency Nust
082 00 - DEWEY DECIMAL CLASSIFICATION NUMBER
Classification number 005.2762
100 1# - MAIN ENTRY--PERSONAL NAME
Personal name Easttom, Chuck.
245 10 - TITLE STATEMENT
Title Learn JavaScript /
Statement of responsibility, etc. Chuck Easttom.
246 30 - VARYING FORM OF TITLE
Title proper/short title JavaScript
260 ## - PUBLICATION, DISTRIBUTION, ETC.
Place of publication, distribution, etc. Plano, Tex. :
Name of publisher, distributor, etc. Wordware Pub.,
Date of publication, distribution, etc. c2002.
300 ## - PHYSICAL DESCRIPTION
Extent xv, 255 p. :
Other physical details ill. ;
Dimensions 24 cm.
500 ## - GENERAL NOTE
General note Includes index.
650 #0 - SUBJECT ADDED ENTRY--TOPICAL TERM
Topical term or geographic name entry element JavaScript (Computer program language)
942 ## - ADDED ENTRY ELEMENTS (KOHA)
Source of classification or shelving scheme
Koha item type Book
Holdings
Withdrawn status Lost status Source of classification or shelving scheme Damaged status Not for loan Collection code Permanent Location Current Location Date acquired Total Checkouts Full call number Barcode Date last seen Price effective from Koha item type
            Military College of Signals (MCS) Military College of Signals (MCS) 12/12/2016   005.2762 EAS MCS31853 12/08/2016 12/12/2016 Book
© 2023 Central Library, National University of Sciences and Technology. All Rights Reserved.